000 00493nam a22001697a 4500
999 _c164804
_d164804
005 20190610155116.0
010 _aB-161345
020 _a8186378014
_c100.00
035 _aB-161345
037 _bBharat Publishing House
082 _a910.03
245 _aBharat dictionary of geography /
_cedited by Alexander S. Job
260 _aNew Delhi
_bBharat Publishing House
_c2004
300 _a165p
_c23cm (Pbk)
700 _aJob, Alexander S.
942 _2ddc
_cEN
_h910.03
_mBHA